|
|
|
|
| LEADER |
00000nam a2200000 a 4500 |
| 001 |
vtls008831973 |
| 003 |
SK-MaSNL |
| 005 |
20260301050055.0 |
| 008 |
060719s1992 xxka f 001 0 eng |
| 020 |
|
|
|a 0521227178 (hardback)
|
| 040 |
|
|
|a SNK
|b slo
|c SNK
|e AACR2
|
| 041 |
0 |
|
|a eng
|
| 043 |
|
|
|a aw---
|a a-iq---
|
| 044 |
|
|
|a uk
|c GB
|
| 072 |
|
7 |
|a 94(3)
|x Dejiny krajín starovekého sveta
|2 konspekt
|
| 080 |
|
|
|a 94(3)
|2 2001
|
| 080 |
|
|
|a 94(352)
|2 2001
|
| 080 |
|
|
|a 94(354)
|2 2001
|
| 080 |
|
|
|a 94(5-15)
|2 2001
|
| 080 |
|
|
|a (048.8)
|2 2001
|
| 245 |
0 |
4 |
|a The Cambridge ancient history
|c edited by John Boardman ... [et al.]
|n Volume III, Part 2
|p The Assyrian and Babylonian Empires and other states of the Near East, from the eighth to the sixth centuries B.C.
|
| 246 |
3 |
0 |
|a The Assyrian and Babylonian Empires and other states of the Near East, from the eighth to the sixth centuries B.C.
|
| 250 |
|
|
|a 2nd ed.
|
| 260 |
|
|
|a Cambridge
|b Cambridge University Press
|c [1992]
|
| 300 |
|
|
|a xix, 906 s.
|b ilustr., mp.
|c 24 cm
|
| 650 |
0 |
7 |
|a starovek
|2 SNKPH
|9 4258
|
| 650 |
0 |
7 |
|a Ancient history
|2 SNKPHeng
|9 266553
|
| 650 |
0 |
7 |
|a dejiny staroveku
|2 SNKPH
|9 71766
|
| 651 |
|
7 |
|a Asýria
|2 SNKPH
|9 79143
|
| 651 |
|
7 |
|a Babylonia
|2 SNKPH
|9 49297
|
| 651 |
|
7 |
|a Blízky východ
|2 SNKPH
|9 60147
|
| 651 |
|
7 |
|a Assyria
|2 SNKPHeng
|9 327733
|
| 651 |
|
7 |
|a Near East
|2 SNKPHeng
|9 355099
|
| 651 |
|
7 |
|a Babylonie
|2 SNKPHeng
|9 355100
|
| 655 |
|
7 |
|a štúdie
|2 SNKPH
|9 57033
|
| 655 |
|
7 |
|a Studies
|2 SNKPHeng
|9 265573
|
| 700 |
1 |
|
|a Boardman, John
|4 com
|9 355101
|
| 919 |
|
|
|a 0-521-22717-8
|
| 999 |
|
|
|c 600086
|d 602016
|
| 952 |
|
|
|t snkCAM/3/2 94(4)
|a SNKUST
|b SNKUST
|y PREZ
|7 0
|p 17A0516669
|o snkIC 133571/3/2
|i snk2006/14261
|8 3
|g 167.07
|0 0
|1 0
|4 0
|d 2006-07-19
|l 0
|r 2025-05-29 00:00:00
|w 2026-02-23
|